[Event "South Moravia Region-chT 2223"]
[Site "Czech Republic"]
[Date "2023.03.19"]
[Round "10.2"]
[White "Marsa, Alexandr"]
[Black "Kosut, Tomas"]
[Result "1-0"]
[WhiteElo "1881"]
[BlackElo "1926"]
[PlyCount "131"]
[EventDate "2022.10.09"]
[EventType "team-tourn"]
[EventRounds "11"]
[EventCountry "CZE"]
[SourceTitle "EXT 2024"]
[Source "ChessBase"]
[SourceDate "2023.10.10"]
[SourceVersion "1"]
[SourceVersionDate "2023.10.10"]
[SourceQuality "1"]

1. d4 Nf6 2. c4 e6 3. Nc3 Bb4 4. Qb3 Nc6 5. d5 Nd4 6. Qd1 Bxc3+ 7. bxc3 Nf5 8. Qc2 d6 9. e4 Ne7 10. f4 0-0 11. Nf3 Re8 12. Bd3 exd5 13. cxd5 Nexd5 14. 0-0 Ne7 15. e5 Nfd5 16. Bxh7+ Kh8 17. Be4 c6 18. Ng5 Qb6+ 19. Kh1 f5 20. Nf7+ Kg8 21. Bxd5 cxd5 22. Nxd6 Rd8 23. Qe2 Be6 24. Be3 Qc6 25. Bd4 Nc8 26. Nxc8 Raxc8 27. Qh5 Qe8 28. Qg5 Rd7 29. Rf3 Qe7 30. Qxe7 Rxe7 31. Bxa7 Ra8 32. Bd4 Rc7 33. Rf2 Rc4 34. Rb2 Rca4 35. h3 Bc8 36. Kh2 R8a6 37. Kg3 Kf7 38. Rb5 R6a5 39. Rxa5 Rxa5 40. Kf3 Ra3 41. Ke3 Ke6 42. Kd2 b5 43. Bc5 Ra4 44. Bb4 Bd7 45. a3 Ra8 46. Ke3 Rh8 47. Rf1 g6 48. Rf3 Rh4 49. Kd4 Be8 50. Kc5 Bd7 51. Kb6 Be8 52. Bc5 Bd7 53. Bf2 Rh7 54. Rg3 Be8 55. Rd3 Bd7 56. Rd4 Rh8 57. Kc5 Ra8 58. Kb4 Ra4+ 59. Kb3 Ra8 60. Bh4 Rh8 61. Bf6 Ra8 62. g4 Rg8 63. Rd1 Rc8 64. Rg1 Rc4 65. gxf5+ gxf5 66. Rg7 1-0

[Event "South Moravia Region-chT 2223"]
[Site "Czech Republic"]
[Date "2023.02.26"]
[Round "9.3"]
[White "Tuma, Miroslav"]
[Black "Kosut, Tomas"]
[Result "1/2-1/2"]
[WhiteElo "1854"]
[BlackElo "1860"]
[PlyCount "37"]
[EventDate "2022.10.09"]
[EventType "team-tourn"]
[EventRounds "11"]
[EventCountry "CZE"]
[SourceTitle "EXT 2024"]
[Source "ChessBase"]
[SourceDate "2023.10.10"]
[SourceVersion "1"]
[SourceVersionDate "2023.10.10"]
[SourceQuality "1"]

1. e4 c5 2. Nf3 d6 3. d4 cxd4 4. Nxd4 Nf6 5. Nc3 g6 6. f4 Bg7 7. e5 Nfd7 8. exd6 0-0 9. Ndb5 exd6 10. Be2 a6 11. Nxd6 Qh4+ 12. g3 Qe7 13. 0-0 Nb6 14. Bf3 Rd8 15. Nce4 Nc4 16. Nxc8 Rxc8 17. c3 Nc6 18. b3 Nb6 19. Bb2 1/2-1/2

[Event "CZE-chT2E 2223"]
[Site "Czech Republic"]
[Date "2022.12.18"]
[Round "5.7"]
[White "Kosut, Tomas"]
[Black "Navratilik, Pavel"]
[Result "0-1"]
[WhiteElo "1858"]
[BlackElo "2028"]
[PlyCount "132"]
[EventDate "2022.10.16"]
[EventType "team-tourn"]
[EventRounds "11"]
[EventCountry "CZE"]
[SourceTitle "EXT 2024"]
[Source "ChessBase"]
[SourceDate "2023.10.10"]
[SourceVersion "1"]
[SourceVersionDate "2023.10.10"]
[SourceQuality "1"]
[WhiteTeam "Namest nad Oslavou"]
[BlackTeam "Kromeriz Slavia II"]
[WhiteTeamCountry "CZE"]
[BlackTeamCountry "CZE"]

1. e4 c5 2. Nf3 d6 3. d4 cxd4 4. Nxd4 Nf6 5. Nc3 a6 6. Bg5 e6 7. Qd2 h6 8. Bxf6 Qxf6 9. f4 Nc6 10. Nf3 Be7 11. 0-0-0 b5 12. e5 dxe5 13. fxe5 Qg5 14. Nxg5 Bxg5 15. Qxg5 hxg5 16. Re1 Ke7 17. Ne4 Nxe5 18. Nxg5 f6 19. Nf3 Nxf3 20. gxf3 Bb7 21. Re3 g5 22. Bg2 Rh4 23. h3 Rd8 24. Rhe1 e5 25. Rc3 Rd7 26. Rd1 Bd5 27. Ra3 Bb7 28. Rc3 b4 29. Rc5 Rxd1+ 30. Kxd1 Kd6 31. Ra5 Kc7 32. a3 Kb6 33. axb4 Rxb4 34. Ra2 a5 35. c3 Rf4 36. Ke2 Bc8 37. Ra1 Rh4 38. Rd1 Kc5 39. Rh1 Kc4 40. Ra1 Kb5 41. Rh1 a4 42. Ke3 Kc4 43. Bf1+ Kb3 44. Rh2 Be6 45. Bd3 Rxh3 46. Rf2 Bd7 47. Bc2+ Kc4 48. Bd3+ Kc5 49. Bf1 Rh4 50. Rd2 Bc6 51. Rd8 Rh2 52. Be2 f5 53. Rc8 Kd6 54. Rd8+ Ke7 55. Rc8 Kd7 56. Rg8 g4 57. Rg7+ Kd6 58. c4 f4+ 59. Kd3 gxf3 60. Rg6+ Kc5 61. Bf1 Rxb2 62. Re6 Rb3+ 63. Kd2 Re3 64. Bd3 f2 65. Be2 a3 66. Re7 Bg2 0-1

[Event "South Moravia Region-chT 2223"]
[Site "Czech Republic"]
[Date "2022.12.11"]
[Round "5.3"]
[White "Kosut, Tomas"]
[Black "Pokladnik, Martin"]
[Result "1/2-1/2"]
[WhiteElo "1879"]
[BlackElo "2018"]
[PlyCount "100"]
[EventDate "2022.10.09"]
[EventType "team-tourn"]
[EventRounds "11"]
[EventCountry "CZE"]
[SourceTitle "EXT 2024"]
[Source "ChessBase"]
[SourceDate "2023.10.10"]
[SourceVersion "1"]
[SourceVersionDate "2023.10.10"]
[SourceQuality "1"]

1. e4 d6 2. d4 Nf6 3. Nc3 g6 4. f3 c6 5. Be3 b5 6. a3 Nbd7 7. Qd2 Bg7 8. Bh6 Bxh6 9. Qxh6 Qa5 10. b4 Qb6 11. Nge2 a5 12. Rd1 Bb7 13. Nc1 e5 14. dxe5 dxe5 15. Nb3 axb4 16. axb4 Ke7 17. Qd2 Qc7 18. Be2 Rhd8 19. Qe3 Qb6 20. Qxb6 Nxb6 21. 0-0 Bc8 22. Rxd8 Kxd8 23. Rd1+ Kc7 24. Na5 Bd7 25. Kf2 Ne8 26. Rd2 Nd6 27. Bd3 Be6 28. Nd1 Na4 29. c3 Re8 30. Nb2 Nb6 31. Rc2 f5 32. c4 bxc4 33. Nbxc4 Bxc4 34. Bxc4 fxe4 35. Bf7 Nxf7 36. Rxc6+ Kd7 37. Rxb6 exf3 38. gxf3 Nd6 39. Nb7 Nf5 40. Nc5+ Kc7 41. Rb7+ Kc6 42. Rxh7 Rd8 43. Ne4 Rd4 44. Rf7 Rxb4 45. Rf6+ Kd5 46. Rxg6 Rb2+ 47. Kg1 Kd4 48. Ng3 Rb1+ 49. Kf2 Rb2+ 50. Kg1 Rb1+ 1/2-1/2

[Event "CZE-chT2E 2223"]
[Site "Czech Republic"]
[Date "2022.12.04"]
[Round "4.8"]
[White "Kosut, Tomas"]
[Black "Jelinek, Ota"]
[Result "0-1"]
[WhiteElo "1858"]
[BlackElo "2125"]
[PlyCount "69"]
[EventDate "2022.10.16"]
[EventType "team-tourn"]
[EventRounds "11"]
[EventCountry "CZE"]
[SourceTitle "EXT 2024"]
[Source "ChessBase"]
[SourceDate "2023.10.10"]
[SourceVersion "1"]
[SourceVersionDate "2023.10.10"]
[SourceQuality "1"]
[WhiteTeam "Namest nad Oslavou"]
[BlackTeam "Brno VSK Univ"]
[WhiteTeamCountry "CZE"]
[BlackTeamCountry "CZE"]

1. e4 e6 2. d3 d5 3. Nd2 c5 4. Ngf3 Nc6 5. g3 Nf6 6. Bg2 dxe4 7. dxe4 e5 8. 0-0 Qc7 9. c3 Be7 10. Qc2 0-0 11. Re1 h6 12. Nf1 Be6 13. Ne3 Rad8 14. Nh4 Rfe8 15. Nef5 Bf8 16. Qe2 Kh7 17. g4 g6 18. g5 Ng8 19. Nxh6 Nxh6 20. gxh6 Qe7 21. Nf3 Bxh6 22. Bxh6 Kxh6 23. Qe3+ Kg7 24. Ng5 Bc8 25. Rad1 f6 26. Nf3 b6 27. Nh4 Qe6 28. Nf5+ gxf5 29. exf5 Qxf5 30. Bxc6 Qg4+ 31. Qg3 Rh8 32. f3 Qxg3+ 33. hxg3 Be6 34. b3 Kf7 35. Rd2 0-1

[Event "CZE-chT2E 2223"]
[Site "Czech Republic"]
[Date "2022.11.06"]
[Round "2.8"]
[White "Kosut, Tomas"]
[Black "Lakatos, Tomas"]
[Result "1/2-1/2"]
[WhiteElo "1858"]
[BlackElo "2078"]
[PlyCount "94"]
[EventDate "2022.10.16"]
[EventType "team-tourn"]
[EventRounds "11"]
[EventCountry "CZE"]
[SourceTitle "EXT 2024"]
[Source "ChessBase"]
[SourceDate "2023.10.10"]
[SourceVersion "1"]
[SourceVersionDate "2023.10.10"]
[SourceQuality "1"]
[WhiteTeam "Namest nad Oslavou"]
[BlackTeam "Orechov Orel"]
[WhiteTeamCountry "CZE"]
[BlackTeamCountry "CZE"]

1. e4 d6 2. d4 c6 3. Nf3 Nf6 4. Nc3 Bg4 5. Be2 Nbd7 6. 0-0 e5 7. dxe5 dxe5 8. a3 Be7 9. Be3 0-0 10. Nd2 Bxe2 11. Qxe2 Qc7 12. Rfd1 Rfe8 13. Nb3 Nf8 14. Rd2 Ne6 15. Rad1 b6 16. h3 Rad8 17. Rxd8 Bxd8 18. Rd3 Qe7 19. g3 Bc7 20. Nd2 g6 21. Nf3 c5 22. Bg5 Nxg5 23. Nxg5 h6 24. Nf3 Qe6 25. Kg2 c4 26. Rd1 Qc6 27. Qe3 Kg7 28. Rd2 a6 29. Nd5 Nxd5 30. exd5 Qd6 31. Qc3 b5 32. Qb4 Qd8 33. Qc5 Ba5 34. Re2 e4 35. Qd4+ Qf6 36. Rxe4 Rxe4 37. Qxe4 Qxb2 38. d6 Qf6 39. d7 Bc7 40. Qe8 c3 41. Ne5 Qf5 42. Qe7 Qe4+ 43. Kh2 Qd5 44. Ng4 Qd4 45. Ne3 Qd2 46. Kg2 Qd4 47. Kh2 Qd2 1/2-1/2

[Event "Ceske Budejovice op"]
[Site "Ceske Budejovice"]
[Date "2021.07.05"]
[Round "5"]
[White "Zednicek, Filip"]
[Black "Kosut, Tomas"]
[Result "1-0"]
[WhiteElo "1548"]
[BlackElo "1869"]
[PlyCount "93"]
[EventDate "2021.07.01"]
[EventType "swiss"]
[EventRounds "9"]
[EventCountry "CZE"]
[SourceTitle "CBM 203 Extra"]
[Source "ChessBase"]
[SourceDate "2021.09.30"]
[SourceVersion "1"]
[SourceVersionDate "2021.09.30"]
[SourceQuality "1"]

1. e4 c5 2. c3 d5 3. exd5 Qxd5 4. d4 cxd4 5. cxd4 g6 6. Nc3 Qd8 7. Bf4 Nf6 8. Bc4 Bg7 9. h3 0-0 10. Nf3 a6 11. 0-0 Nc6 12. a3 Bf5 13. Ba2 Rc8 14. Rc1 b5 15. Re1 Na5 16. Ne5 Nc4 17. Nxc4 bxc4 18. Na4 Nd5 19. Be5 Nb6 20. Bxg7 Kxg7 21. Nc5 a5 22. Qd2 Bd3 23. Qe3 e6 24. Nxd3 cxd3 25. Qxd3 Nd5 26. Qd2 Qb6 27. Bxd5 exd5 28. Rc3 Rxc3 29. Qxc3 Rb8 30. Re2 Qb5 31. Rc2 Re8 32. Qd2 Qb6 33. Rc5 a4 34. Rxd5 Rb8 35. Ra5 Qb3 36. d5 Rb5 37. Qd4+ Kh6 38. Qxa4 Qxa4 39. Rxa4 Rxb2 40. Rd4 Rb7 41. d6 Rd7 42. a4 Kg7 43. a5 Kf8 44. a6 Ke8 45. Rb4 Ra7 46. Rb8+ Kd7 47. Rb7+ 1-0

[Event "Ceske Budejovice op"]
[Site "Ceske Budejovice"]
[Date "2021.07.04"]
[Round "4"]
[White "Kosut, Tomas"]
[Black "Steinbauer, Sebastian"]
[Result "0-1"]
[WhiteElo "1869"]
[BlackElo "1677"]
[PlyCount "46"]
[EventDate "2021.07.01"]
[EventType "swiss"]
[EventRounds "9"]
[EventCountry "CZE"]
[SourceTitle "CBM 203 Extra"]
[Source "ChessBase"]
[SourceDate "2021.09.30"]
[SourceVersion "1"]
[SourceVersionDate "2021.09.30"]
[SourceQuality "1"]

1. c4 c5 2. Nf3 g6 3. g3 b6 4. Bg2 Bb7 5. Nc3 Bg7 6. d3 d6 7. Bd2 Nf6 8. Qc1 Ng4 9. 0-0 h5 10. h3 Nf6 11. a3 Nc6 12. Rb1 Qd7 13. b4 Nd4 14. Nxd4 Bxg2 15. Kxg2 cxd4 16. Nd1 h4 17. g4 Nxg4 18. hxg4 Qxg4+ 19. Kh2 h3 20. Rg1 Be5+ 21. f4 Qxe2+ 22. Kg3 h2 23. Rh1 Bf6 0-1

[Event "CZE-chT2D 1819"]
[Site "Czech Republic"]
[Date "2019.01.27"]
[Round "7.6"]
[White "Kosut, Tomas"]
[Black "Sykora, Josef"]
[Result "1/2-1/2"]
[WhiteElo "1867"]
[BlackElo "2058"]
[PlyCount "22"]
[EventDate "2018.10.14"]
[EventType "team-tourn"]
[EventRounds "11"]
[EventCountry "CZE"]
[SourceTitle "EXT 2022"]
[Source "ChessBase"]
[SourceDate "2021.10.06"]
[SourceVersion "1"]
[SourceVersionDate "2021.10.06"]
[SourceQuality "1"]
[WhiteTeam "Dalesice Pivovar"]
[BlackTeam "Pardubice Rapid"]
[WhiteTeamCountry "CZE"]
[BlackTeamCountry "CZE"]

1. e4 d5 2. exd5 Qxd5 3. Nc3 Qa5 4. d4 Nf6 5. Bc4 Bg4 6. f3 Bd7 7. Nge2 c5 8. Bd2 Qb6 9. d5 e6 10. dxe6 Bxe6 11. Bxe6 Qxe6 1/2-1/2

[Event "CZE-chT2D 1718"]
[Site "Czech Republic"]
[Date "2017.11.05"]
[Round "2.6"]
[White "Kosut, Tomas"]
[Black "Valenta, Vit"]
[Result "1/2-1/2"]
[WhiteElo "1790"]
[BlackElo "2107"]
[PlyCount "110"]
[EventDate "2017.10.15"]
[EventType "team-tourn"]
[EventRounds "11"]
[EventCountry "CZE"]
[SourceTitle "EXT 2022"]
[Source "ChessBase"]
[SourceDate "2021.10.06"]
[SourceVersion "1"]
[SourceVersionDate "2021.10.06"]
[SourceQuality "1"]
[WhiteTeam "Dalesice Pivovar"]
[BlackTeam "Velke Losiny"]
[WhiteTeamCountry "CZE"]
[BlackTeamCountry "CZE"]

1. e4 e5 2. Nf3 Nc6 3. Bc4 Be7 4. d4 d6 5. dxe5 dxe5 6. Qxd8+ Bxd8 7. Be3 Nf6 8. Nc3 Nd7 9. 0-0-0 Na5 10. Bb5 c6 11. Be2 Be7 12. Rd3 b5 13. Rhd1 f6 14. Nh4 g6 15. g3 Nc4 16. Ng2 Nxe3 17. Rxe3 Nc5 18. f4 Ne6 19. f5 Nd4 20. Bf3 Bf8 21. Kb1 b4 22. Ne2 Nxf3 23. Rxf3 gxf5 24. exf5 c5 25. Ne3 Ba6 26. Nc1 Bb7 27. Rf2 Bh6 28. Nc4 Ke7 29. Nb3 Rhd8 30. Rff1 Ba6 31. Nba5 Bb5 32. b3 Rd4 33. Rxd4 cxd4 34. Re1 Kd7 35. Re4 Bg5 36. h4 Bh6 37. g4 Bf4 38. g5 Rg8 39. a4 bxa3 40. gxf6 Bxc4 41. Nxc4 Rf8 42. Nxe5+ Bxe5 43. Rxe5 Rxf6 44. Ka2 Rc6 45. Kxa3 Rxc2 46. Rd5+ Ke7 47. Rxd4 Rc6 48. b4 Kf6 49. Rd7 Ra6+ 50. Kb3 h6 51. Rd5 h5 52. Kc4 Ra1 53. Kb5 Rh1 54. Ka6 Rxh4 55. Rb5 Re4 1/2-1/2

[Event "Kouty nad Desnou op-A"]
[Site "Kouty nad Desnou"]
[Date "2017.03.13"]
[Round "3"]
[White "Kosut, Tomas"]
[Black "Vyprachticky, David"]
[Result "1/2-1/2"]
[WhiteElo "1815"]
[BlackElo "2301"]
[PlyCount "84"]
[EventDate "2017.03.11"]
[EventType "swiss"]
[EventRounds "9"]
[EventCountry "CZE"]
[SourceTitle "CBM 177 Extra"]
[Source "ChessBase"]
[SourceDate "2017.04.27"]
[SourceVersion "1"]
[SourceVersionDate "2017.04.27"]
[SourceQuality "1"]

1. e4 c5 2. Nf3 e6 3. d4 cxd4 4. Nxd4 a6 5. Nc3 Qc7 6. g3 Bb4 7. Bd2 Nc6 8. Nxc6 bxc6 9. Bg2 Nf6 10. 0-0 h5 11. Bg5 Ng4 12. Qd4 Qe5 13. Qxb4 Qxg5 14. h3 Nh6 15. h4 Qe7 16. Qxe7+ Kxe7 17. Na4 Rb8 18. c4 d6 19. b3 Bd7 20. Rad1 c5 21. Nc3 f6 22. f4 Nf7 23. Rd2 Rb6 24. f5 Ne5 25. Bh3 a5 26. fxe6 Bc6 27. Nd5+ Bxd5 28. exd5 a4 29. bxa4 Nxc4 30. Rd3 Rhb8 31. Rc1 Ne5 32. Rdc3 Rb4 33. a5 Ra4 34. Rb3 Rxb3 35. axb3 Rxa5 36. b4 cxb4 37. Rc7+ Kf8 38. Rc8+ Ke7 39. Rc7+ Kd8 40. Rb7 Rxd5 41. Rb8+ Ke7 42. Rb7+ Kd8 1/2-1/2

[Event "Kouty nad Desnou op-B"]
[Site "Kouty nad Desnou"]
[Date "2015.03.14"]
[Round "9"]
[White "Kosut, Tomas"]
[Black "Slivka, David"]
[Result "1-0"]
[WhiteElo "1796"]
[BlackElo "1479"]
[PlyCount "81"]
[EventDate "2015.03.07"]
[EventType "swiss"]
[EventRounds "9"]
[EventCountry "CZE"]
[SourceTitle "EXT 2017"]
[Source "ChessBase"]
[SourceDate "2016.10.25"]
[SourceVersion "1"]
[SourceVersionDate "2016.10.25"]
[SourceQuality "1"]

1. e4 e5 2. Nf3 Nc6 3. Bc4 Nf6 4. Ng5 d5 5. exd5 Na5 6. Bb5+ c6 7. dxc6 bxc6 8. Bd3 h6 9. Ne4 Be7 10. 0-0 0-0 11. Nbc3 Nxe4 12. Bxe4 f5 13. Bf3 e4 14. Be2 Bd6 15. d3 Rf6 16. dxe4 Rg6 17. e5 Be7 18. Qxd8+ Bxd8 19. b4 Nb7 20. Bc4+ Be6 21. Bxe6+ Rxe6 22. f4 Bb6+ 23. Kh1 Bd4 24. Bb2 Rd8 25. Rad1 Kf7 26. Na4 Bxb2 27. Nxb2 Re7 28. Rxd8 Nxd8 29. Rd1 Nb7 30. Nc4 Ke6 31. Kg1 Rd7 32. Rxd7 Kxd7 33. Kf2 c5 34. Na5 Nxa5 35. bxa5 a6 36. Ke3 Ke6 37. Kd3 Kd5 38. a3 g5 39. g3 g4 40. Kc3 h5 41. a4 1-0

[Event "Kouty nad Desnou op-B"]
[Site "Kouty nad Desnou"]
[Date "2015.03.12"]
[Round "7"]
[White "Otruba, Marek"]
[Black "Kosut, Tomas"]
[Result "0-1"]
[WhiteElo "1636"]
[BlackElo "1796"]
[PlyCount "48"]
[EventDate "2015.03.07"]
[EventType "swiss"]
[EventRounds "9"]
[EventCountry "CZE"]
[SourceTitle "EXT 2017"]
[Source "ChessBase"]
[SourceDate "2016.10.25"]
[SourceVersion "1"]
[SourceVersionDate "2016.10.25"]
[SourceQuality "1"]

1. d4 Nf6 2. Bf4 b6 3. Nf3 Bb7 4. e3 e6 5. Bd3 Be7 6. Nbd2 0-0 7. h3 d5 8. Ne5 Ne4 9. c3 Nd7 10. Qc2 f5 11. Ndf3 a6 12. g4 Nxe5 13. Nxe5 Bh4 14. Bxe4 fxe4 15. 0-0-0 c5 16. Rdg1 cxd4 17. Kb1 dxc3 18. bxc3 g5 19. Bg3 Bxg3 20. fxg3 Qd6 21. Nd3 exd3 22. Qxd3 Qe5 23. Qe2 d4 24. Rh2 Qxe3 0-1

[Event "Kouty nad Desnou op-B"]
[Site "Kouty nad Desnou"]
[Date "2015.03.08"]
[Round "2"]
[White "Vankova, Veronika"]
[Black "Kosut, Tomas"]
[Result "1/2-1/2"]
[WhiteElo "1312"]
[BlackElo "1796"]
[PlyCount "85"]
[EventDate "2015.03.07"]
[EventType "swiss"]
[EventRounds "9"]
[EventCountry "CZE"]
[SourceTitle "EXT 2017"]
[Source "ChessBase"]
[SourceDate "2016.10.25"]
[SourceVersion "1"]
[SourceVersionDate "2016.10.25"]
[SourceQuality "1"]

1. e4 c5 2. Nf3 d6 3. d4 cxd4 4. Nxd4 Nf6 5. Nc3 g6 6. Be2 Bg7 7. 0-0 Nc6 8. Nxc6 bxc6 9. Rb1 0-0 10. b3 d5 11. exd5 cxd5 12. Bf3 Bb7 13. Bb2 e5 14. Re1 e4 15. Be2 a6 16. Bf1 Qc7 17. Ne2 Ng4 18. Ng3 Bxb2 19. Rxb2 h5 20. h3 Nxf2 21. Kxf2 Qf4+ 22. Kg1 Qxg3 23. Rb1 Qc3 24. Qe2 a5 25. Qf2 Rac8 26. Rbc1 Rfe8 27. Bb5 Bc6 28. Bxc6 Rxc6 29. Re2 d4 30. Rf1 f6 31. Qf4 Kg7 32. Rxe4 Rxe4 33. Qxe4 Qe3+ 34. Qxe3 dxe3 35. c4 Rd6 36. Re1 Rd3 37. Kf1 Rc3 38. Re2 f5 39. g3 Kf6 40. Kg2 Ke5 41. Kf3 Kd4 42. h4 a4 43. bxa4 1/2-1/2

[Event "CZE-chT rap"]
[Site "Pardubice"]
[Date "2013.07.11"]
[Round "1.4"]
[White "Sergeyev, Alexander"]
[Black "Kosut, Tomas"]
[Result "1-0"]
[WhiteElo "2368"]
[BlackElo "1809"]
[PlyCount "53"]
[EventDate "2013.07.11"]
[EventType "team-swiss"]
[EventRounds "7"]
[EventCountry "CZE"]
[SourceTitle "CBM 155 Extra"]
[Source "ChessBase"]
[SourceDate "2013.08.26"]
[SourceVersion "1"]
[SourceVersionDate "2013.08.26"]
[SourceQuality "1"]

1. e4 c5 2. Nc3 d6 3. f4 Nc6 4. Nf3 Nf6 5. Bc4 e6 6. d4 cxd4 7. Nxd4 Be7 8. Be3 a6 9. Qf3 Qc7 10. Bb3 0-0 11. f5 Nxd4 12. Bxd4 exf5 13. exf5 Qa5 14. 0-0 Rb8 15. Rae1 Bd8 16. Qg3 Qb4 17. Rd1 Bb6 18. Bxb6 Qxb6+ 19. Qf2 Qxf2+ 20. Kxf2 Rd8 21. h3 b5 22. g4 Bb7 23. Rd4 Rd7 24. g5 Ne8 25. g6 d5 26. Nxd5 Nc7 27. Nf6+ 1-0

[Event "CZE-chTA U20 1213"]
[Site "Czech Republic"]
[Date "2013.04.13"]
[Round "10.5"]
[White "Brejnik, Gustav"]
[Black "Kosut, Tomas"]
[Result "0-1"]
[WhiteElo "1777"]
[BlackElo "1763"]
[PlyCount "60"]
[EventDate "2012.10.06"]
[EventType "team-tourn"]
[EventRounds "11"]
[EventCountry "CZE"]
[SourceTitle "EXT 2015"]
[Source "ChessBase"]
[SourceDate "2014.11.20"]
[SourceVersion "1"]
[SourceVersionDate "2014.11.20"]
[SourceQuality "1"]
[WhiteTeam "Udlice (U20)"]
[BlackTeam "Namest nad Oslavou (U20)"]
[WhiteTeamCountry "CZE"]
[BlackTeamCountry "CZE"]

1. d4 d5 2. c4 e6 3. Nc3 Nf6 4. Nf3 Nbd7 5. e3 c6 6. Qc2 Bd6 7. b3 0-0 8. Bd3 h6 9. Bb2 Re8 10. 0-0 e5 11. e4 exd4 12. Nxd4 dxe4 13. Nxe4 Nxe4 14. Bxe4 Nf6 15. Rfe1 Bb4 16. Re2 Nxe4 17. Rxe4 Rxe4 18. Qxe4 Bd7 19. Rd1 Qc7 20. Nf3 Bf8 21. Ne5 Be6 22. Ng6 Rd8 23. Re1 Bb4 24. Rf1 Rd2 25. Bd4 Qd7 26. Be3 Rd1 27. g3 Rxf1+ 28. Kxf1 fxg6 29. c5 Qd1+ 30. Kg2 Bd5 0-1